[Event "SLO-chT2 East"]
[Site "Brezice Maribor"]
[Date "2008.09.13"]
[Round "6"]
[White "Fisinger, Ivan"]
[Black "Krumpak, Hinko"]
[Result "0-1"]
[WhiteElo "1845"]
[BlackElo "2139"]
[PlyCount "66"]
[EventDate "2008.10.24"]
[EventType "team-tourn"]
[EventRounds "9"]
[EventCountry "SLO"]
[SourceTitle "EXT 2010"]
[Source "ChessBase"]
[SourceDate "2010.11.25"]
[SourceVersion "1"]
[SourceVersionDate "2010.11.25"]
[SourceQuality "1"]

1. e4 d5 2. e5 c5 3. c3 d4 4. d3 Nc6 5. f4 g5 6. fxg5 Bg7 7. cxd4 Nxd4 8. Bf4 Qc7 9. Nf3 Nxf3+ 10. Qxf3 Bxe5 11. Bc1 Bd7 12. Nc3 Bc6 13. Qh3 Bd4 14. Be2 e6 15. Rf1 0-0-0 16. Bh5 Qe5+ 17. Ne2 Bxb2 18. Rb1 Bxc1 19. Rxc1 Ne7 20. Bxf7 Rd6 21. Rf6 Qxg5 22. Qh6 Qxh6 23. Rxh6 Kd7 24. Nf4 Nd5 25. Bxe6+ Kd8 26. Nxd5 Bxd5 27. Bxd5 Rxh6 28. h3 b6 29. Rc4 Rd6 30. Be4 Re8 31. Kf2 h6 32. g4 Rd4 33. Kf3 Rexe4 0-1